| 000 | 00886nam a2200289 i 4500 | ||
|---|---|---|---|
| 001 | 18047 | ||
| 003 | ES-MaACL | ||
| 005 | 20230906151739.0 | ||
| 007 | t| | ||
| 008 | 010905s1996 be ||||1| spa d | ||
| 020 | _a90-70831-87-2 | ||
| 080 | _a949.2/3 | ||
| 080 | _a949.3 | ||
| 080 | _a949.2 | ||
| 080 | _a9.435.9 | ||
| 100 | 1 |
_aKossmann Putto, J.A. _968637 |
|
| 245 | 1 | 4 |
_aLos Países Bajos _b: historia de los Países Bajos del Norte y del Sur / _cJ.A. Kossmann-Putto & E.H. Kossmann. |
| 250 | _a3ª ed. | ||
| 260 |
_aRekkem : _bStichting Ons Erfdeel vzw, _c1996. |
||
| 300 |
_a63 p. : _bil. ; _c20 cm. |
||
| 651 | 4 |
_aPaíses Bajos- _xHistoria. _99166 |
|
| 651 | 4 |
_aBélgica- _xHistoria. _97873 |
|
| 651 | 4 |
_aHolanda- _xHistoria. _98823 |
|
| 651 | 4 |
_aLuxemburgo- _xHistoria. _98936 |
|
| 700 | 1 |
_aKossmann, Ernts Heinrich. _968636 |
|
| 852 |
_aES-MaACL _j2167-F-1 _bR.125471 |
||
| 999 |
_c18047 _d18047 |
||